000 00975cam a2200313 a 4500
001 12864247
003 OSt
005 20140310182131.0
008 020722s2003 mnuab c b 001 0 eng
010 _a 2002011464
020 _a9780736815499
040 _aDLC
_cDLC
_dDLC
042 _alcac
043 _ae-ie---
050 0 0 _aDA 906
_b.M316 2003
082 0 0 _aHS 941.5
_b.M43 2003
100 1 _aMattern, Joanne,
_d1963-
_914692
245 1 0 _aIreland /
_cJoanne Mattern.
260 _aMankato, Minn. :
_bBridgestone Books,
_cc2003.
300 _a64 p. :
_bill, ;
_c23 cm.
440 0 _aCountries and cultures
_914146
504 _aIncludes bibliographical references and index.
541 _j1
562 _e1
650 _aIreland
_xJuvenile literature.
_914693
906 _a7
_bcbc
_corignew
_d1
_eecip
_f20
_gy-gencatlg
942 _2lcc
_cHS
999 _c9690
_d9690